Statistics for Most Populous Countries in 2050

Click here to take the quiz!

General Stats

  • This quiz has been taken 95,754 times
    (22,215 since last reset)
  • The average score is 17 of 21

Answer Stats

PopulationCountry% Correct
1,438 milChina
100%
1,657 milIndia
99%
398 milUnited States
99%
238 milBrazil
95%
130 milRussia
95%
151 milMexico
92%
107 milJapan
91%
327 milIndonesia
90%
402 milNigeria
89%
291 milPakistan
87%
138 milEgypt
85%
201 milBangladesh
82%
107 milIran
79%
145 milD. R. Congo
78%
89 milTurkey
75%
228 milEthiopia
72%
111 milVietnam
72%
155 milPhilippines
71%
77 milIraq
57%
119 milTanzania
56%
94 milUganda
36%

Score Distribution

Percentile by Number Answered

Percent of People with Each Score

Your Score History

You have not taken this quiz since the last reset